[Event "Challenge"]
[Site "http://www.queenalice.com/game.php?id=552251"]
[Date "2009.3.7"]
[Round "-"]
[White "serrameira"]
[Black "warlock517"]
[Result "1-0"]
[WhiteElo "1830"]
[BlackElo "1100"]

1. e4 e5 2. f4 exf4 3. Nf3 d6 4. d4 Bg4 5. Bxf4 Qf6 6. Bg5 Bxf3 7. Qxf3 Qxd4 8.
c3 Qb6 9. b3 Nc6 10. Bc4 Ne5 11. Qe2 Be7 12. Be3 c5 13. Bd5 Nf6 14. b4 1-0

[Event "Challenge"]
[Site "http://www.queenalice.com/game.php?id=552252"]
[Date "2009.3.7"]
[Round "-"]
[White "rob0330"]
[Black "warlock517"]
[Result "1-0"]
[WhiteElo "1849"]
[BlackElo "1100"]

1. c4 e6 2. Nc3 d5 3. e4 dxe4 4. Nxe4 Nf6 5. Nxf6+ Qxf6 6. a3 a5 7. Be2 c5 8.
Nf3 Nc6 9. O-O Bd6 10. d3 Nd4 11. Nxd4 cxd4 12. Bf3 O-O 13. Bd2 Qd8 14. b4 axb4
15. axb4 Rxa1 16. Qxa1 Qc7 17. c5 Bxh2+ 18. Kh1 Be5 19. Rc1 Bd7 20. g3 Bf6 21.
Qa7 Bc6 22. Bxc6 Qxc6+ 23. Kg1 e5 24. Rb1 Qb5 25. Rb3 Rd8 26. Ra3 h6 27. f4 exf4
28. Bxf4 1-0

[Event "Challenge"]
[Site "http://www.queenalice.com/game.php?id=552265"]
[Date "2009.3.7"]
[Round "-"]
[White "jose50"]
[Black "warlock517"]
[Result "1-0"]
[WhiteElo "1835"]
[BlackElo "1100"]

1. e4 e5 2. Bc4 d6 3. d3 h6 4. h3 Nc6 5. Nf3 Nf6 6. a3 Be7 7. Nc3 O-O 8. Bd2 Re8
9. Qe2 Bf8 10. O-O-O Be6 11. Bxe6 Rxe6 12. g4 Nh7 13. h4 Be7 14. Nd5 a6 15.
Nxe7+ 1-0

[Event "Challenge"]
[Site "http://www.queenalice.com/game.php?id=552273"]
[Date "2009.3.7"]
[Round "-"]
[White "jope"]
[Black "warlock517"]
[Result "1-0"]
[WhiteElo "1827"]
[BlackElo "1100"]

1. e4 e5 2. Nf3 Nc6 3. Bb5 a6 4. Bxc6 dxc6 5. h3 Bd6 6. O-O Ne7 7. a3 a5 8. d3
Ng6 9. d4 O-O 10. dxe5 Nxe5 11. Nxe5 Bxe5 12. Qxd8 Rxd8 13. c3 Be6 14. Be3 Rd7
15. Nd2 Rad8 16. f4 Bd6 17. e5 Be7 18. Nf3 1-0

[Event "Challenge"]
[Site "http://www.queenalice.com/game.php?id=552276"]
[Date "2009.3.7"]
[Round "-"]
[White "Marivaldo"]
[Black "warlock517"]
[Result "1-0"]
[WhiteElo "1822"]
[BlackElo "1100"]

1. d4 d5 2. Nf3 e6 3. a3 a5 4. Nc3 h6 5. Bf4 Bd6 6. Bxd6 Qxd6 7. e3 c5 8. Nb5
Qd8 9. Nd2 cxd4 10. Nxd4 Nc6 11. Nb5 Bd7 12. Qf3 Nf6 13. Qg3 1-0

[Event "Challenge"]
[Site "http://www.queenalice.com/game.php?id=552282"]
[Date "2009.3.7"]
[Round "-"]
[White "Puman"]
[Black "warlock517"]
[Result "1-0"]
[WhiteElo "1902"]
[BlackElo "1100"]

1. d4 d5 2. Bf4 a6 3. Nf3 e6 4. e3 Nf6 5. Bd3 h6 6. h3 c5 7. c3 Nc6 8. Nbd2 Be7
9. O-O O-O 10. Re1 a5 11. e4 1-0

[Event "Challenge"]
[Site "http://www.queenalice.com/game.php?id=552285"]
[Date "2009.3.7"]
[Round "-"]
[White "leiva2"]
[Black "warlock517"]
[Result "1-0"]
[WhiteElo "1855"]
[BlackElo "1100"]

1. e4 e5 2. Nf3 Nc6 3. Bb5 a6 4. Ba4 Bd6 5. O-O Nce7 6. d4 Ng6 7. Bb3 h6 8. dxe5
Nxe5 9. Bf4 Qf6 10. Bxe5 Bxe5 11. Nc3 Bxc3 12. bxc3 Qxc3 13. Qd5 Qf6 14. e5 Qe6
15. Qe4 1-0

[Event "Challenge"]
[Site "http://www.queenalice.com/game.php?id=552699"]
[Date "2009.3.8"]
[Round "-"]
[White "REIDID93"]
[Black "warlock517"]
[Result "1-0"]
[WhiteElo "1813"]
[BlackElo "1100"]

1. Nf3 Nc6 2. g3 e5 3. d3 Nf6 4. Bg2 Be7 5. O-O O-O 6. Nc3 d5 7. e4 Re8 8. a4 h6
9. Ne2 Bg4 10. c3 dxe4 11. dxe4 Nxe4 12. Qc2 Ng5 13. Nxg5 Bxg5 14. Rd1 Qf6 15.
Bxg5 Qxg5 16. h4 Qf6 17. Rd2 Bxe2 18. Rxe2 Rad8 19. Rae1 1-0